[Event "ROM-ch U12"]
[Site "Baile Felix"]
[Date "2017.02.08"]
[Round "8"]
[White "Grau, Claudiu Florin"]
[Black "Papa, Matei"]
[Result "1-0"]
[WhiteElo "1319"]
[BlackElo "1107"]
[PlyCount "86"]
[EventDate "2017.02.02"]
[EventType "swiss"]
[EventRounds "9"]
[EventCountry "ROU"]
[SourceTitle "CBM 176 Extra"]
[Source "ChessBase"]
[SourceDate "2017.03.02"]
[SourceVersion "1"]
[SourceVersionDate "2017.03.02"]
[SourceQuality "1"]

1. d4 d5 2. c4 e6 3. Nc3 Nf6 4. Bg5 Be7 5. Nf3 Nbd7 6. e3 a6 7. a4 b6 8. Bd3 Bb7 9. 0-0 0-0 10. Qc2 c5 11. Bxf6 Nxf6 12. b3 Qc7 13. Rfb1 Bd6 14. e4 dxe4 15. Bxe4 Bxe4 16. Nxe4 Qe7 17. Nxd6 Qxd6 18. dxc5 Qxc5 19. b4 Qc7 20. b5 Rfc8 21. Nd2 axb5 22. axb5 Rxa1 23. Rxa1 Ng4 24. g3 Ne5 25. h3 g6 26. Rc1 Rd8 27. Nb3 Nf3+ 28. Kg2 Nd4 29. Nxd4 Rxd4 30. c5 Qb7+ 31. c6 Qc7 32. Rd1 Rxd1 33. Qxd1 Kf8 34. Qd4 e5 35. Qa4 Ke7 36. Qa8 Kd6 37. f3 Kc5 38. Qb7 Qxb7 39. cxb7 Kxb5 40. b8Q Kc6 41. Qe8+ Kc5 42. Qa4 b5 43. Qb3 f5 1-0